A Berettyó-felvidék magyar népi építészete
Elmentve itt :
| Szerző: | |
|---|---|
| Adatforrás: | Meister |
| Forrásdokumentuma: | Művelődés. - 3 sz., 1999, 13-17 p. |
| Nyelv: | magyar |
| Kulcsszavak: | etnográfia építészet népi építészet Berettyó |
| LEADER | 00429nab a2200157 i 4500 | ||
|---|---|---|---|
| 001 | bibPRO00003407 | ||
| 008 | 060524s1999 xx hun | ||
| 040 | |a Sz1 | ||
| 041 | |a hun | ||
| 100 | 1 | |a MAJOR Miklós | |
| 245 | 1 | 2 | |a A Berettyó-felvidék magyar népi építészete |c MAJOR Miklós |
| 695 | |a etnográfia | ||
| 695 | |a építészet | ||
| 695 | |a népi építészet | ||
| 695 | |a Berettyó | ||
| 773 | 0 | |t Művelődés. - |g 3 sz., 1999, 13-17 p. | |